Jăc Vanhtrax

Salvato in:
Dettagli Bibliografici
Natura: Libro
Tags: Aggiungi Tag
Nessun Tag, puoi essere il primo ad aggiungerne! !
Thư viện lưu trữ: Mạng thư viện Đại học Đà Nẵng
LEADER 00582nam a2200217 4500
001 000004679
003 820
005 20150812140837.0
008 110803s sd
082 1 |a 843  |b VAL 
245 0 0 |a Jăc Vanhtrax 
774 |a Valex, Tuyn  |d Văn học  |d H.  |d 1974  |g T.1  |h 387tr  |w 824 
774 |a Valex, Tuyn  |d Văn học  |d H.  |d 1974  |g T.2  |h 451 tr.  |w 825 
OWN |a LSP 
999 |a From the UDN01 
TYP |a Monograph 
TYP |a Printed language 
980 |a Mạng thư viện Đại học Đà Nẵng